000 00579nam a2200241Ia 4500
003 OSt
005 20220924151822.0
006 a|||||r|||| 00| 0
007 ta
008 220923b |||||||| |||| 00| 0 mar d
020 _c5.50
024 _a339261
037 _cTextual
040 _aARTS
_cARTS
_bmar
041 _2mar
_amar
082 _aI:12.2, 155K8
100 _aSantapa H.
_9225049
245 0 _aParichit vraksh
260 _c1968
650 _aBOTANY
_911716
942 _hI:12.2, 155K8
_cTEXL
_2CC
999 _c467780
_d467780